All Hunter X Hunter Arcs - Statistics

General Stats
  • This quiz has been taken 359 times
  • The average score is 6 of 9
Answer Stats
Episodes Answer % Correct
(1 - 21) Hunter Exam
94%
(76 - 136) Chimera Ant
89%
(59 - 75) Greed Island
86%
(37 - 58) Yorknew City
77%
(27 - 36) Heavens Arena
62%
(Not Yet Animated) Dark Continent Expedition
55%
(22 - 26) Zoldyck Family
47%
(137 - 148) 13th Hunter Chairman Election
28%
(Not Yet Animated) Succession Contest
25%
No matching quizzes found
Score Distribution
Percent of People with Each Score
Percentile by Number Answered
Your Score History
You have not taken this quiz